000 01072nam0a22002531 4500
001 rc\4351846
005 20130416135746.5
035 _a(NLR Aleph) 008279288
090 _a8506214
_c8506214
100 _a20130416d1964 |||y0rusy50 ca
101 0 _arus
102 _aRU
105 _aa z |||||
200 1 _aРоликовый механизм свободного хода с втулкой-сепаратором
_f[Гос. Ком. Совета Министров РСФСР по координации науч.-исслед. работ. Гос. Науч.-исслед. ин-т науч. и техн. информации]
210 _aМосква
_cБ. и.
_d1964
215 _a7 с.
_cчерт.
_d14
225 1 _aПередовой научно-технический и производственный опыт
_v№ 25-64-1464/107
700 1 _aГапоян
_bД. Т.
_gДмитрий Трдатович
701 1 _aКурзель
_bИ. А.
801 0 _aRU
_bNLR
_gpsbo
801 1 _aRU
_bELAR
_2rusmarc
852 _aNLR
_jП11/2295
942 _cBOOK
980 _aNB